00989nam a2200217 i 450000100060000000300090000600500170001500700030003200800410003508000140007610000650009024502320015526000550038730000220044265000490046465000400051370000340055385200210058799900170060895201460062589685ES-MaACL20250903075124.0t|050112s1939 sp ||||1| spa d a025.343.11 aLasso de la Vega Jiménez-Placer, Javier,d1892-199097047810aReglas para la formación y redacción de los catálogos-diccionarios en las bibliotecas : bseguidas de una lista de encabezamientos de materia y numerosos apéndices / cpor Javier Lasso de la Vega y Cesáreo Goicoechea. aVitoria : b[s.n.], c1939 (eSantander : fAldus) a200 p. ; c22 cm. 7aCatalogación bibliográfica2embne910838 4aEncabezamientos de materia.91654371 aGoicoechea, Cesáreo.9576064 aES-MaACLjA-5237 c89685d89685 00102udc40708Biblioteca_profesional aATENEOMbATENEOMcSPP1d2008-01-17l0oA-5237p1093665r2023-02-23 00:00:00w2023-02-23yMONOGRAFIA